| 000 | 00974nam a2200277 a 4500 | ||
|---|---|---|---|
| 001 | BRCA_8209 | ||
| 005 | 20190320210158.0 | ||
| 008 | 150514s1954----ne-a###f##---#000-0#dut-# | ||
| 041 | _adut | ||
| 044 | _ane | ||
| 050 | 4 |
_aND653 _b.R46 3 1956 |
|
| 245 | 1 | 0 |
_aRembrandt _btentoonstelling ter herdenking van de Geboorte van Rembrandt op 15 juli 1606 _cRijkmuseum en Museum Boymans. |
| 260 |
_aAmsterdam _bRijkmuseum _c1956 |
||
| 300 |
_aXI, 71 p. _bil., 32 láminas _c19 cm. |
||
| 500 | _aVer también U96 (Tekeningen) y U97 (Schilderigen) | ||
| 500 | _aU98 | ||
| 505 | 0 | _aContenido: v.1. Tekeningen. -- v.2. Schilderijen. -- v.3. Etsen | |
| 600 | 1 | 4 |
_aRembrandt Hermanszoon van Rijn _d1606-1669 _920463 |
| 650 | 1 | 4 |
_aPintores holandeses _920464 |
| 650 | 1 | 4 |
_aGrabadores holandeses _97366 |
| 650 | 1 | 4 |
_aGalerías y museos _zHolanda _97615 |
| 710 | 2 |
_aRijkmuseum, Holanda _eed. _920465 |
|
| 710 | 2 |
_aMuseum Boymans, Holanda _eed. _920466 |
|
| 902 | _aGFM | ||
| 942 |
_2lcc _cB |
||
| 999 |
_c7877 _d7877 |
||